000
00325 a2200109 4500
001
ART_31288
005
20260410161840.0
008
260409a
245
1
0
_a
Aproximaciones al deber de decoro en el agente público
100
1
_a
Bonato, Mauro R.
773
0
_t
RAP
_g
- Año 36, Nº 425 (feb. 2014)
_w
REV5941
999
_c
24025
_d
24025